Normal view
MARC view
- Sīrah literature
Entry Topical Term
001 - CONTROL NUMBER
- control field: 130244
003 - CONTROL NUMBER IDENTIFIER
- control field: NUST
005 - DATE AND TIME OF LATEST TRANSACTION
- control field: 20250804163017.0
008 - FIXED-LENGTH DATA ELEMENTS
- fixed length control field: 250804|| aca||aabn | a|a d
040 ## - CATALOGING SOURCE
- Original cataloging agency: NUST
- Transcribing agency: NUST
150 ## - HEADING--TOPICAL TERM
- Topical term or geographic name entry element: Sīrah literature
670 ## - SOURCE DATA FOUND
- Source citation: Work cat.: (NUST)614449: Khiṭāb, Maḥmūd Shīṭ 130242, Nor-i Muṣṭafā kī jhalakiyān : , [n.d.]
